000 00585nam a22002057a 4500
003 OSt
005 20210422055005.0
008 201222s1992 ||||| |||| 00| 0 eng d
020 _a083851362X
040 _aeng
_beng
_cDLC
041 _aeng
080 _a616-08
_bC-59
100 _9609
_aClark, Jo. Mary
245 _aNursing in the Community
_c/ by: Appleton and Lange
260 _aNorwalk
_bAppleton and Lange
_c1992
300 _a975 p. Appendices 83 p. Index 35 p.
_bill.
650 0 _9285
_aPatient Care
653 _aპაციენტის მოვლა
942 _2udc
_cBK
999 _c796
_d796